Business ethics : (Record no. 64261)

MARC details
000 -LEADER
fixed length control field 00587nam a22001457a 4500
005 - DATE AND TIME OF LATEST TRANSACTION
control field 2012032208478.0
020 ## - INTERNATIONAL STANDARD BOOK NUMBER
International Standard Book Number 8120327381
Terms of availability 195.00
035 ## - SYSTEM CONTROL NUMBER
System control number B-182201
037 ## - SOURCE OF ACQUISITION
Stock number DPL
Source of stock number/acquisition ENG
245 ## - TITLE STATEMENT
Title Business ethics :
Remainder of title New challenges for business schools and corporate leaders /
Statement of responsibility, etc edited by Robert A. Peterson and O.C. Ferrell
260 ## - PUBLICATION, DISTRIBUTION, ETC. (IMPRINT)
Place of publication, distribution, etc New Delhi
Name of publisher, distributor, etc Prentice-Hall of India
Date of publication, distribution, etc 2006
300 ## - PHYSICAL DESCRIPTION
Extent xi, 286p.
Dimensions 20 cms.
942 ## - ADDED ENTRY ELEMENTS (KOHA)
Source of classification or shelving scheme Dewey Decimal Classification
Item type English Books
Classification part 174.4
Call number suffix BUS
Holdings
Withdrawn status Lost status Not for loan Collection code Home library Current library Date acquired Cost, normal purchase price Full call number Barcode Cost, replacement price Koha item type
      Non-fiction Sarojini Nagar Sarojini Nagar 22/03/2012 195.00 174.4 BUS B-182201 195.00 English Books

© Delhi Public Library
Hit Counter
free hit counter